000 00998cam a22002411i 4500
003 SA-RiAUC
005 20260113143703.0
008 260103s1899 ua g 000 0 ara c
040 _aEG-CaDAJ
_bara
_cSA-RiAUC
_erda
082 0 4 _a258.1
090 _aم ن 258.1
_bك و ا
100 1 _aالكواكبي، محمد بن حسن بن أحمد،
_d1018-1096 هجري
_eمؤلف.
245 1 0 _aمنظومة الكواكبي في أصول فقه السادة الحنفية /
_cمحمد بن حسن بن أبي يحيى الكواكبي.
264 1 _a[مكان النشر غير محدد] :
_b[الناشر غير محدد]،
_c[1899]
264 3 _aالقاهرة :
_bالمطبعة العلمية
300 _a19 صفحة؛
_c29 سم.
336 _aنص
_btxt
_2rdacontent
_3كتاب
337 _aبدون وسيط
_bn
_2rdamedia
338 _aمجلد
_bnc
_2rdacarrier
650 7 _aالفقه الحنفي
_2aucsh
942 _2ddc
_cRBOOK COPY
_n0
949 _aSA-JeALM
_d260103
_umohamedma123
_n1
999 _c14043
_d14043